Statistics for Countries by Annual Apple Production

Click here to take the quiz!

General Stats

  • This quiz has been taken 22 times
  • The average score is 8 of 10

Answer Stats

Tons of ApplesCountry% Correct
44,447,793China
100%
4,649,323USA
100%
1,843,544Russia
91%
1,819,762France
86%
2,872,000India
86%
2,455,616Italy
77%
2,925,828Turkey
68%
2,799,197Iran
64%
3,604,271Poland
59%
1,759,421Chile
45%

Score Distribution

Percentile by Number Answered

Percent of People with Each Score

Your Score History

You have not taken this quiz